| Tag |
First Indicator |
Second Indicator |
Subfields |
| LEADER |
00000cam a22000001 4500 |
| 001 |
in00000262425 |
| 005 |
20151010054018.0 |
| 008 |
740502s1966 nmuabc b 00010 eng d |
| 010 |
|
|
|a 67003409
|
| 035 |
|
|
|a (OCoLC)01129165
|
| 035 |
|
|
|9 ABC6487AM
|
| 040 |
|
|
|a DLC
|c DLC
|d TXA
|d UtOrBLW
|
| 043 |
|
|
|a n-us-nm
|
| 049 |
|
|
|a TXAS
|c [1090522]
|
| 050 |
0 |
0 |
|a F804.R84
|b S53
|
| 082 |
0 |
|
|a 917.89/43/034
|
| 100 |
1 |
|
|a Shinkle, James D.
|
| 245 |
1 |
0 |
|a Reminiscences of Roswell pioneers /
|c [edited] by James D. Shinkle.
|
| 264 |
|
1 |
|a Roswell, N.M. :
|b Hall-Poorbaugh Press,
|c [1966]
|
| 300 |
|
|
|a 270 pages :
|b illustrations, map, portraits ;
|c 24 cm.
|
| 336 |
|
|
|a text
|b txt
|2 rdacontent
|
| 337 |
|
|
|a unmediated
|b n
|2 rdamedia
|
| 338 |
|
|
|a volume
|b nc
|2 rdacarrier
|
| 504 |
|
|
|a Bibliographical footnotes.
|
| 650 |
|
0 |
|a Frontier and pioneer life
|z New Mexico
|z Roswell.
|
| 651 |
|
0 |
|a Roswell (N.M.)
|x History
|x Anecdotes.
|
| 999 |
|
|
|a MARS
|
| 999 |
f |
f |
|s c2441eba-c39e-3df3-9c6d-117150bde31a
|i 727d79db-77dc-3f26-9c3c-9d91b1210300
|t 0
|
| 952 |
f |
f |
|p noncirc
|a Texas A&M University
|b College Station
|c Cushing Memorial Library & Archives
|d Cushing: Dykes (Does not check out)
|t 0
|e F804.R84 S53
|h Library of Congress classification
|i unmediated -- volume
|m A14851734120
|
| 998 |
f |
f |
|a F804.R84 S53
|t 0
|l Cushing: Dykes (Does not check out)
|